| 000 | 01359cam a22002294a 4500 | ||
|---|---|---|---|
| 005 | 20250605164033.0 | ||
| 008 | 250528s ||||||||||||||||||||||||d | ||
| 035 | _a16702 | ||
| 020 | _a013018604X | ||
| 040 |
_aGR-AtMCL _bgre _dGR-AtMCL _eAACR2 |
||
| 245 | 1 | _aOperations Management / Sixth Edition | |
| 250 | _a6th | ||
| 260 |
_bPrentice Hall, _c2001 |
||
| 300 | _a928 | ||
| 505 | 0 | _aIntroduction to Operations Management, Operations and Productivity, Forecasting, Designing Operations, Managing Quality, Process Strategy and Capacity Planning, Location Strategies, Layout Strategy, Managing Operations, Supply-Chain Management, Inventory Management, Aggregate Planning, Short-Term Scheduling, Quantitative Modules, Linear Programming, Transportation Models, Learning Curves, Simulation, Appendices. | |
| 520 | _aIntroduction to Operations Management, Operations and Productivity, Forecasting, Designing Operations, Managing Quality, Process Strategy and Capacity Planning, Location Strategies, Layout Strategy, Managing Operations, Supply-Chain Management, Inventory Management, Aggregate Planning, Short-Term Scheduling, Quantitative Modules, Linear Programming, Transportation Models, Learning Curves, Simulation, Appendices. | ||
| 700 | 1 |
_aHeizer Jay _91784 |
|
| 700 | 1 |
_aRender Barry _91785 |
|
| 942 | _cBK | ||
| 999 |
_c2176 _d2176 |
||